Εντεύθεν και εκείθεν του παρόντος : δοκίμια
Αποθηκεύτηκε σε:
| Κύριος συγγραφέας: | |
|---|---|
| Μορφή: | Βιβλίο |
| Γλώσσα: | Greek |
| Δημοσίευση: |
Αθήνα :
Εκδόσεις των φίλων,
2006
|
| Θέματα: | |
| Ετικέτες: |
Προσθήκη ετικέτας
Δεν υπάρχουν, Καταχωρήστε ετικέτα πρώτοι!
|
MARC
| LEADER | 00000cam a2200000 i 4500 | ||
|---|---|---|---|
| 001 | 1/97773 | ||
| 008 | 081120s2006 gre d | ||
| 020 | |a 960-289-083-5 | ||
| 035 | |l 10101844 | ||
| 040 | |a GR-MY-UA |b gre |e aacr | ||
| 041 | 0 | |a gre | |
| 082 | 0 | |a 889.4 |2 (22) | |
| 100 | 1 | |a Καράσης, Μαριανός Δ., |d 1940- | |
| 245 | 1 | 0 | |a Εντεύθεν και εκείθεν του παρόντος : |b δοκίμια / |c Μαριάνου Δ. Καράση |
| 260 | |a Αθήνα : |b Εκδόσεις των φίλων, |c 2006 | ||
| 300 | |a 172 σ.; |c 21 εκ. | ||
| 504 | |a Περιλαμβάνει βιβλιογραφίες | ||
| 650 | 0 | 0 | |a Greek essays, Modern. |
| 650 | 0 | 0 | |a Greek literature. |
| 852 | |a INST |b RHODES |e 20081120 |h 889.4 ΚΑΡ |p 005400031294 |q 005400031294 |t BK |y 0 | ||
| 901 | |a BIBL4-2008-3 | ||
| 909 | |a Ρ |b 156406 | ||
| 970 | |a ΚΟΖΑ |b ΜΑΡΙΑ |z 2008/11/20 | ||